Les 10 sports les pratiqués au monde - Statistiques

Statistiques générales
  • Ce quiz a été pris 5 165 fois
  • Le résultat moyen est 6 sur 10
Statistiques - réponses
Hint Réponse % Correct
4 milliards de fans Football
99%
825 millions de fans Basketball
87%
1 milliard de fans Tennis
82%
475 millions de fans Rugby
70%
500 millions de fans Baseball
52%
450 millions de fans Golf
50%
900 millions de fans Volleyball
48%
2,5 milliards de fans Cricket
42%
875 millions de fans Ping-Pong
34%
2 milliards de fans Hockey sur gazon
10%
Aucun quiz correspondant
Distribution des résultats
% des personnes avec chaque résultat
Percentile par nombre de réponses
Votre historique - résultats
Vous n’avez pas pris ce quiz